00869nam a2200229 a 450000100100000000500170001000800410002702000150006804000250008308200180010810000400012624500480016626000330021430000260024749000270027358600300030065000280033065000310035895201160038995201170050599900170062200001867320200929165834.0821229s1982 sp 000 f spa d a8423311775 aDO-SdBNPbspacBNPHU a863.64bG569c1 aGómez Ojea, Carmen,d1945-92175510aCantiga de agüero /cCarmen Gómez Ojea. aBarcelona :bDestino,c1982. a212, [1] p. ;c22 cm.0 aÁncora y delfinv561 aPremio Eugenio Nadal 1981 4aNovela española91123 4aLiteratura española9632 001050718MOaGRbGRcHDd2010-05-12iLF1l0o863.64 G569cp18673-10r2020-06-25w2020-06-25y1ZNo se presta 0010507-18MOaGRbGRcOId2017-05-29iLF1l0o863.64 G569cp18673-20r2020-06-25w2020-06-25y1ZNo se presta c18193d18193